000 00445pam a2200157a 44500
008 230515b2013 xxu||||| |||| 00| 0 eng d
020 _aNULL
041 _aENGLISH
082 _a1
100 _aBHAYGUDE MANOJ JOTIRAM
245 _aTHE EFFICACY OF DARUHARIDRA AND MADHU ASCHOTANA IN NETRABHISHYAND.
250 _a1
260 _a
_bN.D.
_c2013
300 _a500
650 _aTHE EFFICACY OF DARUHARIDRA AND MADHU ASCHOTANA IN NETRABHISHYAND.
999 _c498558
_d498558